Loading...
| Science - Biology | 0 | 3 | 0 | 1 | 30 | 113 | 118.00 | 0 | 3 |
| Beliefs | 0 | 3 | 0 | 0 | 30 | 99 | 115.00 | 1 | 3 |
| Literature - World Literature | 0 | 2 | 0 | 1 | 20 | 145 | 149.50 | 0 | 2 |
| Social Science | 0 | 2 | 0 | 2 | 20 | 121 | 125.50 | 0 | 2 |
| History - Ancient History | 0 | 2 | 0 | 0 | 20 | 127 | 132.50 | 0 | 2 |
| Philosophy | 0 | 1 | 0 | 0 | 10 | 130 | 130.00 | 0 | 1 |
| Other Academic | 0 | 1 | 0 | 1 | 10 | 135 | 135.00 | 0 | 0 |
| Literature - British Literature | 0 | 1 | 0 | 1 | 10 | 141 | 141.00 | 0 | 0 |
| History - American History | 0 | 1 | 0 | 0 | 10 | 133 | 133.00 | 0 | 0 |
| Science - Physics | 0 | 1 | 0 | 0 | 10 | 137 | 137.00 | 0 | 1 |
| Literature - European Literature | 0 | 0 | 0 | 0 | 0 | 0.00 | 0 | 0 | |
| Current Events | 0 | 0 | 0 | 0 | 0 | 0.00 | 0 | 0 | |
| Fine Arts - Other Arts | 0 | 0 | 0 | 0 | 0 | 0.00 | 0 | 0 | |
| Geography | 0 | 0 | 0 | 0 | 0 | 0.00 | 0 | 0 | |
| Auditory Arts | 0 | 0 | 0 | 0 | 0 | 0.00 | 0 | 0 | |
| Science - Other Science | 0 | 0 | 0 | 0 | 0 | 0.00 | 0 | 0 |